[Event "23rd Dubai Open 2023"]
[Site "Dubai UAE"]
[Date "2023.05.30"]
[Round "4.38"]
[White "Lim, Zhuo Ren"]
[Black "Tissir, Mohamed"]
[Result "1/2-1/2"]
[WhiteTitle "FM"]
[BlackTitle "IM"]
[WhiteElo "2294"]
[BlackElo "2354"]
[WhiteFideId "5702488"]
[BlackFideId "9000240"]
[EventDate "2023.05.27"]

1. Nf3 Nf6 2. c4 g6 3. g3 Bg7 4. Bg2 O-O 5. d4 d5 6. cxd5 Nxd5 7. O-O Nc6 8. e4
Nb6 9. d5 Na5 10. Qe1 Nac4 11. Nc3 e5 12. b3 Nd6 13. a4 Nd7 14. Bg5 f6 15. Be3
a6 16. h4 f5 17. Ng5 Nf6 18. Bc5 Qe8 19. Rd1 Kh8 20. Qd2 h6 21. Ne6 Bxe6 22.
dxe6 Qxe6 23. exf5 gxf5 24. Bxd6 cxd6 25. Nd5 f4 26. Nxf6 Rxf6 27. Bxb7 Raf8 28.
Bd5 Qg4 29. Qd3 a5 30. Rc1 f3 31. Kh2 Rf4 32. Rc4 Rd4 33. Rxd4 exd4 34. Qe4 Qc8
35. Bc4 Be5 36. Bd3 Qd7 37. Rc1 Qg7 38. h5 d5 39. Qg6 Qxg6 40. hxg6 Kg7 41. Rc5
Rb8 42. Rxd5 Kf6 43. g7 Rg8 44. Rxa5 Rxg7 45. Ra6+ Kg5 46. Kh3 h5 47. Re6 Bf6
48. Be4 Rd7 49. Bd3 Rc7 50. Bc4 Rd7 51. Re1 d3 52. Bb5 Rd6 53. Rd1 d2 54. a5 Bd8
55. b4 Kf5 56. Be8 Kg5 57. Ba4 Rd4 58. Bc6 h4 59. Bxf3 hxg3 60. fxg3 Kf6 61. Rb1
Ke5 62. Kg2 Rd3 63. Be2 Ra3 64. Kf2 Kd4 65. Bd1 Bc7 66. Ke2 Kc3 67. a6 Rxa6 68.
Rb3+ Kc4 69. Kxd2 Rd6+ 70. Kc2 Rxd1 71. Rc3+ Kxb4 72. Rxc7 Rg1 73. Rg7 Kc4 74.
Kd2 Kd4 75. Ke2 Ke5 76. Kf2 Ra1 77. Rf7 Ke6 78. Rf4 Ra3 79. Kg2 Ke5 80. Kh3 Ra8
81. Rf3 Rh8+ 82. Kg2 Rg8 83. Rf4 Ra8 84. Kf3 Rh8 85. Kg2 Ra8 1/2-1/2

[Event "23rd Dubai Open 2023"]
[Site "Dubai UAE"]
[Date "2023.05.30"]
[Round "4.39"]
[White "Al Hosani, Omran"]
[Black "Eric, Jovana"]
[Result "1/2-1/2"]
[WhiteTitle "IM"]
[BlackTitle "WGM"]
[WhiteElo "2270"]
[BlackElo "2217"]
[WhiteFideId "9308733"]
[BlackFideId "938238"]
[EventDate "2023.05.27"]

1. e4 e5 2. Nf3 Nc6 3. Bb5 a6 4. Ba4 Nf6 5. O-O Be7 6. Re1 b5 7. Bb3 d6 8. c3
O-O 9. h3 Nb8 10. d4 Nbd7 11. Nbd2 Bb7 12. Bc2 Re8 13. Nf1 Bf8 14. Ng3 g6 15.
Bg5 h6 16. Bd2 Bg7 17. a4 c5 18. d5 c4 19. Be3 Qc7 20. Qd2 Kh7 21. Nh2 h5 22.
Nf3 Nc5 23. Ng5+ Kg8 24. a5 Nh7 25. Nf3 Bc8 26. Bh6 Qe7 27. Bxg7 Kxg7 28. Nh2
Qg5 29. Re3 h4 30. Ngf1 Bd7 31. Nf3 Qf4 32. Re2 Qxd2 33. N1xd2 g5 34. Nf1 f6 35.
Ne3 Nf8 36. Nf5+ Bxf5 37. exf5 Rab8 38. Nd2 Nfd7 39. g3 Rh8 40. Kg2 Kf7 41. Rae1
Rbg8 42. Nf3 1/2-1/2

[Event "23rd Dubai Open 2023"]
[Site "Dubai UAE"]
[Date "2023.05.30"]
[Round "4.40"]
[White "Alothman, Ali Layth Ahmed"]
[Black "Gajcin, Marina"]
[Result "1/2-1/2"]
[WhiteTitle "FM"]
[BlackTitle "WIM"]
[WhiteElo "2224"]
[BlackElo "2256"]
[WhiteFideId "4801920"]
[BlackFideId "949086"]
[EventDate "2023.05.27"]

1. d4 Nf6 2. c4 e6 3. Nf3 c5 4. d5 exd5 5. cxd5 d6 6. Nc3 g6 7. Nd2 Bg7 8. e4
O-O 9. Be2 a6 10. a4 Nbd7 11. Nc4 Ne8 12. O-O Ne5 13. Ne3 f5 14. f4 Nf7 15. exf5
gxf5 16. Kh1 Bd7 17. Bd2 Nf6 18. Bd3 Nh6 19. a5 Nfg4 20. Qf3 Nxe3 21. Bxe3 Ng4
22. Bd2 Qh4 23. h3 Rae8 24. Ne2 Rf7 25. Ng3 Bd4 26. Nxf5 Bxf5 27. Bxf5 Rxf5 28.
Qxg4+ Qxg4 29. hxg4 Rxd5 30. Bc3 Bxc3 31. bxc3 Rd3 32. Rad1 Ree3 33. Rb1 Re7 34.
Rbd1 Rxc3 35. Rxd6 Rce3 36. Kh2 c4 37. Rd8+ Re8 38. Rd7 R3e7 39. Rd5 Rc8 40. f5
c3 41. f6 Rf7 42. g5 c2 43. Rc1 Rfc7 44. Kh3 Kf7 45. Kh4 Re8 46. Rd2 Re4+ 47. g4
Rec4 48. Rd8 h6 49. gxh6 Kxf6 50. Rd6+ Ke5 51. Rg6 Kd4 52. Rg7 Rc8 53. h7 Rh8
54. Kh5 Kc3 55. g5 Kb2 56. Rxc2+ Rxc2 57. Rxb7+ Ka3 58. Kh6 Ka4 59. g6 Kxa5 60.
Kg7 Rcc8 61. Kh6 Rc1 62. Kg7 1/2-1/2

[Event "23rd Dubai Open 2023"]
[Site "Dubai UAE"]
[Date "2023.05.31"]
[Round "5.1"]
[White "Aravindh, Chithambaram VR."]
[Black "Yu, Yangyi"]
[Result "1/2-1/2"]
[WhiteTitle "GM"]
[BlackTitle "GM"]
[WhiteElo "2633"]
[BlackElo "2729"]
[WhiteFideId "5072786"]
[BlackFideId "8603820"]
[EventDate "2023.05.27"]

1. d4 Nf6 2. c4 e6 3. Nc3 Bb4 4. f3 d5 5. a3 Be7 6. e4 dxe4 7. fxe4 c5 8. d5
exd5 9. exd5 O-O 10. Be2 a6 11. Nf3 Bd6 12. O-O Bf5 13. Nh4 Bg6 14. Bf4 Qc7 15.
Qd2 Nbd7 16. Bxd6 Qxd6 17. Rf4 Rae8 18. Raf1 Re7 19. Bd1 Rfe8 20. Ba4 Re3 21.
Qf2 R8e5 22. Bxd7 Qxd7 23. Rf3 Ng4 24. Qg3 Re8 25. h3 Rxf3 26. Nxf3 Ne3 27. Re1
Nxc4 28. Rxe8+ Qxe8 29. b3 Nxa3 30. Qc7 h6 31. d6 Bf5 32. Qxc5 Nb5 33. Qxf5 Qe3+
34. Kh2 Qxc3 35. Qd5 Nxd6 36. Qxd6 Qxb3 37. Ne5 Qe6 38. Qd8+ Kh7 39. Nd7 1/2-1/2

[Event "23rd Dubai Open 2023"]
[Site "Dubai UAE"]
[Date "2023.05.31"]
[Round "5.2"]
[White "Tabatabaei, M. Amin"]
[Black "Niemann, Hans Moke"]
[Result "1/2-1/2"]
[WhiteTitle "GM"]
[BlackTitle "GM"]
[WhiteElo "2677"]
[BlackElo "2708"]
[WhiteFideId "12521213"]
[BlackFideId "2093596"]
[EventDate "2023.05.27"]

1. e4 e5 2. Nf3 Nc6 3. Bb5 Nf6 4. O-O Nxe4 5. Re1 Nd6 6. Nxe5 Be7 7. Bf1 Nxe5 8.
Rxe5 O-O 9. d4 Bf6 10. Re1 Re8 11. c3 Rxe1 12. Qxe1 Ne8 13. Bf4 d5 14. Bd3 g6
15. Nd2 Ng7 16. Nf3 Bf5 17. Bxf5 Nxf5 18. Qe2 c6 19. Re1 Ng7 20. Be5 Ne6 21.
Bxf6 Qxf6 22. Ne5 Re8 23. Ng4 Qd8 24. Qe5 Ng7 25. Qxe8+ Nxe8 26. Rxe8+ Qxe8 27.
Nf6+ Kf8 28. Nxe8 Kxe8 29. f4 f5 30. Kf2 Kf7 1/2-1/2

[Event "23rd Dubai Open 2023"]
[Site "Dubai UAE"]
[Date "2023.05.31"]
[Round "5.3"]
[White "Erigaisi, Arjun"]
[Black "Harsha, Bharathakoti"]
[Result "1/2-1/2"]
[WhiteTitle "GM"]
[BlackTitle "GM"]
[WhiteElo "2701"]
[BlackElo "2602"]
[WhiteFideId "35009192"]
[BlackFideId "5078776"]
[EventDate "2023.05.27"]

1. e4 c5 2. Nf3 e6 3. d4 cxd4 4. Nxd4 Nf6 5. Nc3 Nc6 6. Nxc6 bxc6 7. e5 Nd5 8.
Ne4 Bb7 9. Be2 c5 10. O-O Qc7 11. Nd6+ Bxd6 12. exd6 Qc6 13. f3 e5 14. c4 Nf4
15. Bxf4 exf4 16. Qd2 O-O 17. Qxf4 Rae8 18. Bd3 Re6 19. Rfe1 Qxd6 20. Qxd6 Rxd6
21. Rad1 g6 22. Be4 Rxd1 23. Rxd1 Bxe4 24. fxe4 Rb8 25. b3 Rb7 26. Rd6 Kf8 27.
e5 Ke7 28. Ra6 Rb6 29. Ra5 Rc6 30. Kf2 a6 31. Ke3 f6 32. exf6+ Kxf6 33. Kd3 Ke7
34. a3 Kd8 35. b4 cxb4 36. axb4 Kc7 37. Ra2 Rb6 38. Kc3 Re6 39. c5 Kb7 40. Kd4
Kc7 41. Rf2 Kc6 42. Rf8 Re2 43. Rf6+ Kb7 44. Rb6+ Kc8 45. Rxa6 Rxg2 46. b5 Rxh2
47. b6 Kb8 48. Ra1 Rd2+ 49. Kc3 Rd5 50. Kc4 Rd2 51. Rh1 h5 52. Rg1 h4 53. Rxg6
h3 54. Rh6 h2 55. Kc3 Rd5 1/2-1/2

[Event "23rd Dubai Open 2023"]
[Site "Dubai UAE"]
[Date "2023.05.31"]
[Round "5.4"]
[White "Bernadskiy, Vitaliy"]
[Black "Matlakov, Maxim"]
[Result "1/2-1/2"]
[WhiteTitle "GM"]
[BlackTitle "GM"]
[WhiteElo "2592"]
[BlackElo "2662"]
[WhiteFideId "14100371"]
[BlackFideId "4168003"]
[EventDate "2023.05.27"]

1. e4 e5 2. Nf3 Nc6 3. Bb5 a6 4. Ba4 Nf6 5. O-O Be7 6. Re1 b5 7. Bb3 O-O 8. c3
d5 9. exd5 Nxd5 10. Nxe5 Nxe5 11. Rxe5 c6 12. d3 Bd6 13. Re1 Qh4 14. g3 Qh3 15.
Re4 Nf6 16. Rh4 Qf5 17. Nd2 Ng4 18. Ne4 Be7 19. f3 Ne5 20. Rf4 Qd7 21. Nf2 c5
22. d4 Ng6 23. Re4 Bb7 24. Re1 cxd4 25. cxd4 Rad8 26. Be3 Qf5 27. Bc2 Qxf3 28.
Qxf3 Bxf3 29. Ne4 f5 30. Nd2 Bb7 31. Bf2 Bb4 32. Rad1 f4 33. a3 fxg3 34. hxg3
Bxd2 35. Rxd2 Bd5 36. Be4 Ne7 1/2-1/2

[Event "23rd Dubai Open 2023"]
[Site "Dubai UAE"]
[Date "2023.05.31"]
[Round "5.5"]
[White "Sindarov, Javokhir"]
[Black "Sanal, Vahap"]
[Result "1-0"]
[WhiteTitle "GM"]
[BlackTitle "GM"]
[WhiteElo "2661"]
[BlackElo "2600"]
[WhiteFideId "14205483"]
[BlackFideId "6300545"]
[EventDate "2023.05.27"]

1. e4 e5 2. Nf3 Nc6 3. Bc4 Bc5 4. Nc3 Nf6 5. d3 a6 6. O-O d6 7. Nd5 h6 8. c3 Ba7
9. a4 O-O 10. Be3 Nxd5 11. Bxd5 Ne7 12. Bb3 Ng6 13. h3 Qf6 14. a5 Nf4 15. Kh2
Bd7 16. d4 Bb5 17. c4 Be8 18. d5 Qe7 19. Bxa7 Rxa7 20. g3 Ng6 21. Nd2 Bd7 22.
Bc2 c5 23. Qe2 Rb8 24. f4 b5 25. axb6 Rxb6 26. b3 a5 27. Qe3 Nf8 28. Qc3 Rb4 29.
Nf3 f6 30. Ra2 Be8 31. Rfa1 Qc7 32. Ne1 a4 33. bxa4 Ra5 34. Bd1 Qa7 35. Nd3 Rb6
36. Rb2 Rxb2+ 37. Nxb2 Nd7 38. Bg4 Nb6 39. fxe5 fxe5 40. Be6+ Kh7 41. Qf3 Qe7
42. Qc3 Qa7 43. Qf3 Qe7 44. Qb3 Nxa4 45. Rxa4 Bxa4 46. Nxa4 Qa7 47. Nc3 Ra1 48.
Qb2 g6 49. Qf2 Kg7 50. h4 Ra3 51. Qb2 Ra1 52. Kg2 h5 53. Qf2 Qe7 54. Nb5 Rc1 55.
Nxd6 Qxd6 56. Qf7+ Kh6 57. Qe8 Qc7 58. Bf7 Rc2+ 59. Kh3 Kg7 60. Qg8+ Kf6 61.
Qxg6+ Ke7 62. Qe6+ Kf8 63. Qe8+ Kg7 64. Be6 Rf2 65. Qg8+ Kh6 66. Qg5+ Kh7 67.
Bf5+ 1-0

[Event "23rd Dubai Open 2023"]
[Site "Dubai UAE"]
[Date "2023.05.31"]
[Round "5.6"]
[White "Aditya, Mittal"]
[Black "Chigaev, Maksim"]
[Result "1/2-1/2"]
[WhiteTitle "GM"]
[BlackTitle "GM"]
[WhiteElo "2522"]
[BlackElo "2628"]
[WhiteFideId "35042025"]
[BlackFideId "4108116"]
[EventDate "2023.05.27"]

1. Nf3 d5 2. e3 c5 3. b3 f6 4. d4 cxd4 5. exd4 Nc6 6. Bb2 Bg4 7. Be2 e6 8. O-O
Bd6 9. Re1 Nge7 10. Nh4 Bxe2 11. Qxe2 e5 12. c4 O-O 13. dxe5 fxe5 14. cxd5 Nd4
15. Bxd4 exd4 16. Nf3 Nxd5 17. Nbd2 Kh8 18. Ne4 Bb4 19. Red1 Qb6 20. Qc4 Nc3 21.
Rxd4 Rxf3 22. Qxb4 Qxd4 23. Qxd4 Ne2+ 24. Kh1 Nxd4 25. gxf3 Nxf3 26. Rc1 h6 27.
Kg2 Nh4+ 28. Kh3 Nf5 29. Kg4 Nd4 30. Rc7 b6 31. f4 Re8 32. Ng3 a5 33. Rd7 Nc6
34. Rb7 Nb4 35. Rxb6 Nxa2 36. Rb5 Ra8 37. Rb7 Nc3 38. Nh5 Nd5 39. Kf5 a4 40.
bxa4 Rxa4 41. Ke5 Ra5 42. Nxg7 Ne7+ 43. Kf6 Nd5+ 44. Ke5 Ne7+ 45. Kf6 Nd5+ 46.
Kf5 Ne7+ 47. Ke6 Kxg7 48. Rxe7+ Kg6 49. Rd7 Ra6+ 50. Ke5 Ra5+ 51. Ke6 Ra6+ 52.
Ke5 Ra5+ 53. Ke4 Rh5 54. Rd6+ Kf7 55. Rd2 Kf6 56. Kf3 Ra5 57. Ke4 Rh5 58. Ra2
Rh3 59. Ra6+ Kf7 60. Ke5 Rxh2 61. Ra7+ Kg8 62. Kf6 h5 63. f5 h4 64. Rg7+ Kf8 65.
Rh7 Kg8 66. Rh6 Ra2 67. Rxh4 Ra6+ 68. Kg5 Kg7 69. Re4 Kf7 70. Rb4 Rc6 71. Rb7+
Kf8 72. Rh7 Ra6 73. Rh6 Rxh6 74. Kxh6 Kf7 75. Kg5 Kg7 76. f6+ Kf7 77. Kf5 Kf8
78. Ke6 Ke8 79. f7+ Kf8 80. Kd7 Kxf7 1/2-1/2

[Event "23rd Dubai Open 2023"]
[Site "Dubai UAE"]
[Date "2023.05.31"]
[Round "5.7"]
[White "Adhiban, Baskaran"]
[Black "Indjic, Aleksandar"]
[Result "1/2-1/2"]
[WhiteTitle "GM"]
[BlackTitle "GM"]
[WhiteElo "2589"]
[BlackElo "2618"]
[WhiteFideId "5018471"]
[BlackFideId "911925"]
[EventDate "2023.05.27"]

1. Nf3 Nf6 2. b3 b6 3. g3 Bb7 4. Bg2 c5 5. c4 g6 6. Bb2 Bg7 7. d4 cxd4 8. Qxd4
d6 9. Nc3 Nbd7 10. O-O O-O 11. Rfd1 Rc8 12. Rac1 Rc5 13. b4 Rc8 14. Nd5 a5 15.
a3 Bc6 16. Qh4 Ba4 17. Re1 h5 18. Nxf6+ Nxf6 19. bxa5 b5 20. cxb5 Qxa5 21. b6
Rb8 22. Nd2 g5 23. Qd4 Qxb6 24. Qxb6 Rxb6 25. Bd4 Rbb8 26. Bxf6 Bxf6 27. Ne4 Kg7
28. Nxf6 Kxf6 29. Rc4 Bb3 30. Rb4 Rxb4 31. axb4 Rb8 32. Rb1 Bc4 33. e3 d5 34. f4
e5 35. fxe5+ Kxe5 36. Kf2 h4 37. gxh4 gxh4 38. Bf1 Rb6 39. Be2 Kd6 40. Rb2 Ke5
41. Rb1 f5 42. Rb2 f4 43. b5 fxe3+ 44. Kxe3 Bxe2 45. Kxe2 Kd4 46. Rb4+ Kc3 47.
Rxh4 Rxb5 48. Rh3+ Kc4 49. Kd1 Rb2 50. Rg3 Rxh2 51. Rf3 d4 52. Rg3 1/2-1/2

[Event "23rd Dubai Open 2023"]
[Site "Dubai UAE"]
[Date "2023.05.31"]
[Round "5.8"]
[White "Miladinovic, Igor"]
[Black "Salem, A.R. Saleh"]
[Result "0-1"]
[WhiteTitle "GM"]
[BlackTitle "GM"]
[WhiteElo "2507"]
[BlackElo "2677"]
[WhiteFideId "4203380"]
[BlackFideId "9301348"]
[EventDate "2023.05.27"]

1. d4 Nf6 2. Bg5 Ne4 3. Bf4 c5 4. f3 Qa5+ 5. c3 Nf6 6. Nd2 cxd4 7. Nb3 Qd8 8.
Bxb8 Rxb8 9. Qxd4 b6 10. e4 e6 11. Qe5 Bb7 12. Qg3 Nh5 13. Qe5 Nf6 14. Qg3 g6
15. Rd1 Be7 16. h4 Rc8 17. Ne2 b5 18. a3 a6 19. e5 Nd5 20. f4 d6 21. Ned4 Qc7
22. h5 dxe5 23. hxg6 exd4 24. Rxd4 fxg6 25. Bd3 0-1

[Event "23rd Dubai Open 2023"]
[Site "Dubai UAE"]
[Date "2023.05.31"]
[Round "5.9"]
[White "Mishra, Abhimanyu"]
[Black "Iturrizaga Bonelli, Eduardo"]
[Result "1/2-1/2"]
[WhiteTitle "GM"]
[BlackTitle "GM"]
[WhiteElo "2550"]
[BlackElo "2637"]
[WhiteFideId "30920019"]
[BlackFideId "3901211"]
[EventDate "2023.05.27"]

1. d4 Nf6 2. c4 e6 3. Nf3 d5 4. g3 Bb4+ 5. Bd2 Be7 6. Bg2 c6 7. O-O Ne4 8. Qc2
Nd7 9. Bf4 g5 10. Bc1 f5 11. Nc3 h5 12. Be3 Nd6 13. b3 Bf6 14. Rfd1 O-O 15. Qd2
Nf7 16. Qc2 Nd6 17. Qd2 Nf7 18. Qc2 1/2-1/2

[Event "23rd Dubai Open 2023"]
[Site "Dubai UAE"]
[Date "2023.05.31"]
[Round "5.10"]
[White "Sankalp, Gupta"]
[Black "Gupta, Abhijeet"]
[Result "1/2-1/2"]
[WhiteTitle "GM"]
[BlackTitle "GM"]
[WhiteElo "2504"]
[BlackElo "2630"]
[WhiteFideId "5097010"]
[BlackFideId "5010608"]
[EventDate "2023.05.27"]

1. e4 c5 2. Nf3 d6 3. Bb5+ Nd7 4. a4 Nf6 5. Nc3 g6 6. O-O a6 7. Be2 Bg7 8. a5 b5
9. axb6 Bb7 10. d3 a5 11. Be3 O-O 12. Qc1 Qxb6 13. Ra2 Bc6 14. Nd2 d5 15. exd5
Nxd5 16. Nxd5 Bxd5 17. b3 Qc6 18. Bf3 Nb6 19. Qa3 Bxf3 20. Nxf3 Nd5 21. Qxc5
Qxc5 22. Bxc5 Rfc8 23. d4 Nc3 24. Ra3 e5 25. Re1 e4 26. Nd2 Nb5 27. Ra4 f5 28.
Rea1 Rd8 29. Bb6 Bxd4 30. Bxd8 Rxd8 31. Nc4 Bxa1 32. Rxa1 Nd4 33. h4 Nxc2 34.
Rxa5 f4 35. Re5 Rd1+ 36. Kh2 Re1 37. g4 Nd4 38. Re8+ Kg7 39. Nd6 Nf3+ 40. Kh3 e3
41. fxe3 Rxe3 42. g5 Ne5+ 43. Kg2 f3+ 44. Kg3 Re2 45. Re7+ Kf8 46. Re8+ Kg7 47.
b4 Rg2+ 48. Kh3 Re2 49. Re7+ Kf8 50. Re8+ Kg7 51. Re7+ 1/2-1/2

[Event "23rd Dubai Open 2023"]
[Site "Dubai UAE"]
[Date "2023.05.31"]
[Round "5.11"]
[White "Sargsyan, Shant"]
[Black "Davtyan, Artur"]
[Result "1-0"]
[WhiteTitle "GM"]
[BlackTitle "IM"]
[WhiteElo "2630"]
[BlackElo "2506"]
[WhiteFideId "13306766"]
[BlackFideId "13308327"]
[EventDate "2023.05.27"]

1. e4 c5 2. Nf3 d6 3. d4 cxd4 4. Nxd4 Nf6 5. Nc3 a6 6. h3 e5 7. Nb3 b5 8. a4 b4
9. Nd5 Bb7 10. Bg5 Be7 11. Bxf6 Bxf6 12. a5 O-O 13. Bc4 Nd7 14. Ra4 Bxd5 15.
Bxd5 Rb8 16. Qd3 Rb5 17. O-O Qc7 18. Bc4 Nc5 19. Nxc5 Rxc5 20. Rxb4 Rxa5 21. Qb3
Kh8 22. Rb7 Qc8 23. Rxf7 Rxf7 24. Bxf7 Rb5 25. Qd3 Rc5 26. c3 Be7 27. Ra1 a5 28.
Bd5 g6 29. Ra3 Kg7 30. Kh2 Qd8 31. Rb3 h5 32. g3 h4 33. Kg2 Rc7 34. Rb5 Rc5 35.
Rb3 Rc7 36. Qa6 Rc5 37. Qa7 Kf6 38. gxh4 Qe8 39. c4 1-0

[Event "23rd Dubai Open 2023"]
[Site "Dubai UAE"]
[Date "2023.05.31"]
[Round "5.12"]
[White "Karthikeyan, Murali"]
[Black "Karthik, Venkataraman"]
[Result "1-0"]
[WhiteTitle "GM"]
[BlackTitle "GM"]
[WhiteElo "2627"]
[BlackElo "2528"]
[WhiteFideId "5074452"]
[BlackFideId "25006479"]
[EventDate "2023.05.27"]

1. e4 c6 2. Nc3 d5 3. Nf3 dxe4 4. Nxe4 Nf6 5. Nxf6+ exf6 6. Bc4 Bd6 7. Qe2+ Be7
8. d4 O-O 9. O-O Na6 10. h3 Nc7 11. Bd3 Re8 12. c4 Bd6 13. Qc2 g6 14. Bh6 Ne6
15. Rfe1 Bd7 16. Rad1 Rc8 17. a3 a5 18. c5 Bf8 19. Be3 Nc7 20. Nd2 Nd5 21. Nc4
f5 22. Bd2 Rxe1+ 23. Rxe1 Ra8 24. Qb3 Qc7 25. Nb6 Nxb6 26. cxb6 Qd6 27. Bc4 Qf6
28. a4 Bd6 29. Bc3 f4 30. Qd1 Qg5 31. Kf1 h5 32. b3 Qh4 33. Qf3 Kf8 34. d5 c5
35. Bb2 f6 36. Re6 Bxe6 37. dxe6 Be7 38. Qxb7 Rd8 39. Qe4 Qg5 40. b7 Kg7 41. Bc3
f3 42. Qxf3 Qc1+ 43. Be1 Qa1 44. Qc3 Qd1 45. Qxa5 Qd6 46. Qc3 Qb6 47. Qf3 Rb8
48. a5 Qa7 49. a6 Qb6 50. Bc3 Rd8 51. g4 hxg4 52. hxg4 g5 53. Qf5 Qc6 54. Qxg5+
Kh7 55. Qh5+ Kg7 56. g5 Qe4 57. Bxf6+ Bxf6 58. Qh6+ 1-0

[Event "23rd Dubai Open 2023"]
[Site "Dubai UAE"]
[Date "2023.05.31"]
[Round "5.13"]
[White "Kovalev, Vladislav"]
[Black "Gharibyan, Mamikon"]
[Result "1-0"]
[WhiteTitle "GM"]
[BlackTitle "IM"]
[WhiteElo "2612"]
[BlackElo "2500"]
[WhiteFideId "13504398"]
[BlackFideId "13308300"]
[EventDate "2023.05.27"]

1. e4 e5 2. Nf3 Nc6 3. Bb5 a6 4. Ba4 Nf6 5. O-O Be7 6. Re1 b5 7. Bb3 O-O 8. c3
d5 9. exd5 Nxd5 10. Nxe5 Nxe5 11. Rxe5 c6 12. d3 a5 13. Re1 a4 14. Bxd5 cxd5 15.
Be3 Ra6 16. Nd2 Rg6 17. Bd4 Bg4 18. f3 Bh3 19. Re2 Bd6 20. Kh1 Bf5 21. Nf1 Re6
22. Rxe6 fxe6 23. Qe2 Re8 24. Ne3 e5 25. Bb6 Qxb6 26. Nxf5 a3 27. Rb1 Bf8 28.
bxa3 Qc6 29. Qb2 g6 30. Ne3 Ra8 31. Qxb5 Qxb5 32. Rxb5 d4 33. cxd4 exd4 34. Nc4
Bxa3 35. Ra5 Re8 36. Kg1 Re1+ 37. Kf2 Bb4 38. Rb5 Bc3 39. a4 Ra1 40. a5 Kg7 41.
f4 h5 42. Kf3 Kh6 43. g3 1-0

[Event "23rd Dubai Open 2023"]
[Site "Dubai UAE"]
[Date "2023.05.31"]
[Round "5.14"]
[White "Fawzy, Adham"]
[Black "Vakhidov, Jakhongir"]
[Result "1/2-1/2"]
[WhiteTitle "GM"]
[BlackTitle "GM"]
[WhiteElo "2495"]
[BlackElo "2607"]
[WhiteFideId "10613129"]
[BlackFideId "14201801"]
[EventDate "2023.05.27"]

1. e4 e5 2. Nf3 Nc6 3. Bb5 a6 4. Ba4 Nf6 5. O-O Bc5 6. Bxc6 dxc6 7. d3 Bg4 8.
Be3 Qe7 9. Nbd2 Nd7 10. c3 Bxe3 11. fxe3 O-O-O 12. d4 f5 13. Qc2 Rhf8 14. h3
fxe4 15. Qxe4 Bf5 16. Qh4 Qxh4 17. Nxh4 Bd3 18. Rxf8 Rxf8 19. Nhf3 exd4 20. exd4
c5 21. Re1 cxd4 22. Nxd4 Bg6 23. N2f3 Re8 24. Rxe8+ Bxe8 25. b3 Nc5 26. Nd2 Nd3
27. Kf1 Nc1 28. a3 Bf7 29. b4 g6 30. Kf2 Nd3+ 31. Ke3 Nb2 32. N4f3 Nc4+ 33. Nxc4
Bxc4 34. Kf4 Bf1 35. g4 Kd7 36. Nd2 Bxh3 37. Kg3 Bxg4 38. Kxg4 Kc6 39. c4 b5 40.
c5 a5 41. bxa5 Kxc5 42. Ne4+ 1/2-1/2

[Event "23rd Dubai Open 2023"]
[Site "Dubai UAE"]
[Date "2023.05.31"]
[Round "5.15"]
[White "Murzin, Volodar"]
[Black "Mosadeghpour, Masoud"]
[Result "1-0"]
[WhiteTitle "GM"]
[BlackTitle "GM"]
[WhiteElo "2604"]
[BlackElo "2479"]
[WhiteFideId "44155573"]
[BlackFideId "12519278"]
[EventDate "2023.05.27"]

1. e4 e5 2. Nf3 Nc6 3. Bc4 Nf6 4. d3 Be7 5. O-O O-O 6. Nbd2 a6 7. Re1 b5 8. Bb3
d6 9. c3 Na5 10. Bc2 c5 11. d4 cxd4 12. cxd4 Nc6 13. d5 Nb4 14. Bb1 a5 15. Nf1
Ne8 16. Ng3 g6 17. Bh6 Ng7 18. Qd2 Bg4 19. a3 Na6 20. b4 Qb6 21. Bd3 Qb7 22.
Reb1 axb4 23. axb4 Nc7 24. Be2 Rxa1 25. Rxa1 Ra8 26. Rc1 Nce8 27. Qb2 Bd7 28.
Nd2 f5 29. Nb3 f4 30. Nf1 Qb6 31. Na5 Nf6 32. Nd2 Ng4 33. Bxg4 Bxg4 34. Nc6 Bf8
35. Ra1 Rc8 36. Bxg7 Kxg7 37. Ra7+ Kh6 38. Qa2 Be2 39. Qa3 Rxc6 40. dxc6 Qxc6
41. Qh3+ Bh5 42. Qd7 Qxd7 43. Rxd7 d5 44. exd5 Bxb4 45. Ne4 Bg4 46. Rb7 Bf5 47.
f3 1-0

[Event "23rd Dubai Open 2023"]
[Site "Dubai UAE"]
[Date "2023.05.31"]
[Round "5.16"]
[White "Ohanyan, Emin"]
[Black "Yuffa, Daniil"]
[Result "1/2-1/2"]
[WhiteTitle "IM"]
[BlackTitle "GM"]
[WhiteElo "2444"]
[BlackElo "2592"]
[WhiteFideId "13312022"]
[BlackFideId "24131423"]
[EventDate "2023.05.27"]

1. d4 Nf6 2. c4 e6 3. Nf3 Bb4+ 4. Bd2 Qe7 5. g3 Bxd2+ 6. Qxd2 Nc6 7. a3 d5 8.
Bg2 O-O 9. O-O dxc4 10. Qc3 Re8 11. Ne5 Nxe5 12. dxe5 Nd5 13. Qxc4 Bd7 14. Nc3
Bc6 15. Nxd5 exd5 16. Bxd5 Bxd5 17. Qxd5 c6 18. Qb3 Qxe5 19. Qxb7 Qxe2 20. Rac1
Rab8 21. Qxa7 Qxb2 22. Rxc6 Ra8 23. Qc5 Qxa3 24. Qxa3 Rxa3 25. Rfc1 g6 26. Rc8
Rxc8 27. Rxc8+ Kg7 28. Kg2 h6 29. h4 Ra4 30. Rc6 Rb4 31. Ra6 Rc4 32. Rb6 Ra4 33.
Rb5 Rc4 34. Rb6 Ra4 35. Rb5 Rc4 36. Rb8 Ra4 37. Re8 Rb4 38. Kf3 Ra4 39. Re4 Ra5
40. Rb4 Rf5+ 41. Rf4 Ra5 42. Rc4 Rf5+ 43. Kg2 Ra5 44. Rc8 Rf5 45. Rc1 Ra5 46.
Rb1 Rf5 47. Ra1 Rb5 48. Rg1 Ra5 49. Re1 Rf5 50. Re7 Ra5 51. Rc7 Rf5 52. Rc2 Ra5
53. Kf3 Rf5+ 54. Kg2 Ra5 55. Kf3 Rf5+ 56. Kg2 Ra5 57. Kf3 Rf5+ 58. Kg2 Ra5 59.
Kf3 Rf5+ 60. Kg2 Ra5 1/2-1/2